Tổng hợp một số hợp chất có hoạt tính sinh học
Tổng hợp toàn phần Cephalosporin C và cephalotin; các kháng sinh nhóm cephalosporin, tổng hợp emetine và reserpine, và uncamine...
Đã lưu trong:
| Hovedforfatter: | |
|---|---|
| Format: | Bog |
| Sprog: | Undetermined |
| Udgivet: |
Hà Nội
Khoa học và Kỹ thuật
2009
|
| Fag: | |
| Tags: |
Tilføj Tag
Ingen Tags, Vær først til at tagge denne postø!
|
| Thư viện lưu trữ: | Trung tâm Học liệu Trường Đại học Cần Thơ |
|---|
| LEADER | 00762nam a2200205Ia 4500 | ||
|---|---|---|---|
| 001 | CTU_148901 | ||
| 008 | 210402s9999 xx 000 0 und d | ||
| 020 | |c 60000 | ||
| 082 | |a 615 | ||
| 082 | |b Ch125 | ||
| 100 | |a Phan, Đình Châu | ||
| 245 | 0 | |a Tổng hợp một số hợp chất có hoạt tính sinh học | |
| 245 | 0 | |c Phan Đình Châu | |
| 260 | |a Hà Nội | ||
| 260 | |b Khoa học và Kỹ thuật | ||
| 260 | |c 2009 | ||
| 520 | |a Tổng hợp toàn phần Cephalosporin C và cephalotin; các kháng sinh nhóm cephalosporin, tổng hợp emetine và reserpine, và uncamine... | ||
| 650 | |a Pharmacy,Dược học | ||
| 910 | |a Nguyên | ||
| 980 | |a Trung tâm Học liệu Trường Đại học Cần Thơ | ||